000 01105nam a2200313 i 4500
003 EG-GICUC
005 20260411200911.0
008 260411s1991 ua |||fr|||| 00| 0 eng d
040 _aEG-GiCUC
_beng
_cEG-GiCUC
_dEG-GiCUC
_erda
082 0 4 _221
_a343.601
_bGE
092 0 4 _221
099 _aLaw1 10 343.601 GE 1991
245 0 4 _aThe General Theory of the Victim a Comparative Study /
_cPresented by Fahd F.m. Et Mussairco, Supervision of Prof. Dr. Ahmed Fathi Sowur.
264 2 _aCairo :
_bCairo University,
_c1991.
300 _a30 pages ;
_c24 cm.
336 _2rda content
_atext
337 _2rda media
_aComputer
338 _2rda carrier
_aOnline Resource
500 _aSummary for a Thesis Submitted for Partial Fulfillment of Ph.d. In Law
546 _aText in English
650 1 _aCriminologie
_xPhilosoPhie et Theories
_2qrmak
650 1 _aCriminal Law
651 1 _2qrmak
700 1 _aEt Mussairco, Fahd F.m
_epresenter
700 1 _aAhmed Fathi Sowur
_eContributor
856 4 0 _uhttps://fll.law.cu.edu.eg/fulltext/bks/B10-08210.pdf
905 _a54
942 _2ddc
_cBK
_e21
_n0
999 _c70129
_d70129